000 00621nam a2200181Ia 4500
008 090124s9999 xx 000 0 und d
082 _b121594
100 _aकुलकर्णी जी.ए.(गुरुनाथ आबाजी )
245 _a रक्त चंदन
250 _a2
260 _c1986
300 _a163
600 _aकुलकर्णी जी.ए.(गुरुनाथ आबाजी )
630 _a रक्त चंदन
700 _aकुलकर्णी जी.ए.(गुरुनाथ आबाजी )
730 _a रक्त चंदन
942 _cBOOK
999 _c167680
_d167680